| 000 | 00933nam a2200253Ia 4500 | ||
|---|---|---|---|
| 005 | 20250425161745.0 | ||
| 008 | 250425s9999 xx 000 0 und d | ||
| 020 | _a9701702611 | ||
| 041 | _aspa | ||
| 082 | _a005.1 | ||
| 100 | _aLARMAN, CRAIG | ||
| 245 | 0 | _aUML Y PATRONES: INTRODUCCION AL ANALISIS Y DISEÑO ORIENTADO A OBJETOS | |
| 250 | _a1A ED. | ||
| 260 | _aMEXICO | ||
| 260 |
_aMéxico _bPRENTICE HALL _c1999 |
||
| 300 | _a507 | ||
| 520 | _aESTE LIBRO OFRECE A ESTUDIANTES Y DISEÑADORES UNA GUIA DETALLADA DE ACTIVIDADES QUE LOS CONDUCEN GRADUALMENTE A TRAVES DE LOS REQUERIMIENTOS, EL ANALISIS, EL DISEÑO Y LA CODIFICACION. EN LA FASE DE DISEÑO, SE PONE DE RELIEVE LAS HABILIDADES PRINCIPALES QU | ||
| 650 | _aDISEÑO DE SISTEMAS | ||
| 650 | _aINGENIERIA DE SOFTWARE | ||
| 650 | _aPROGRAMACION ORIENTADA A OBJETOS | ||
| 700 |
_aLUZ MARIA HERNANDEZ RODRIGUEZ _etraductor |
||
| 942 | _c01 | ||
| 010 | _a27931 | ||
| 999 |
_c215508 _d215508 |
||